[Event "GEO-ch 1st League 2021"]
[Site "Tbilisi"]
[Date "2021.04.04"]
[Round "7.2"]
[White "Petriashvili, Nikoloz"]
[Black "Azaladze, Shota"]
[Result "1/2-1/2"]
[WhiteElo "2425"]
[BlackElo "2439"]
[Annotator "TA"]
[PlyCount "84"]
[EventDate "2021.03.29"]
[EventType "swiss"]
[EventCountry "GEO"]
[SourceTitle "playchess.com"]
[Source "ChessBase"]
[SourceQuality "1"]

{[%evp 9,84,22,25,32,35,21,22,24,31,7,19,5,8,-24,-28,-37,-18,-14,-12,-29,-30,-18,-23,-29,-25,-28,-7,-24,0,-3,-8,0,0,-13,12,0,13,7,8,9,10,4,63,0,0,-11,-11,-14,-11,-10,-12,-20,-18,-8,-8,-8,0,0,0,0,0,0,0,0,0,0,0,0,8,0,0,0,0,0,0,0,0]} 1. e4 c5 2. Nc3 Nc6 3. Bb5 Nd4 4. Nf3 g6 5. Nxd4 cxd4 6. Ne2 {B23: Closed Sicilian: Lines without g3.} a6 7. Bc4 Bg7 8. c3 dxc3 9. bxc3 b5 {[#]} 10. Bb3 $146 ({Predecessor:} 10. Bd5 Rb8 11. Ba3 Nf6 12. Qc2 a5 13. Bc5 Qc7 14. d4 e6 15. Bb3 a4 16. Bxa4 bxa4 {½-½ (52) Nguyen,T (1760)-Le Nguyen Khoi,N (1809) Vietnam 2012}) 10... Bb7 11. Ng3 Nf6 12. O-O O-O ({Much worse is} 12... Bxe4 $6 13. Nxe4 Nxe4 14. Bd5 $16) 13. d3 d6 14. Re1 Nd7 15. d4 Rc8 16. Qd3 Qc7 17. Bg5 e5 18. Rac1 Rfe8 19. h4 Nb6 20. h5 Nc4 21. h6 Bh8 22. a4 bxa4 23. Bxa4 Nb2 {[%mdl 64] [#] Double Attack} 24. Qc2 Nxa4 25. Qxa4 Qc6 (25... d5 $11) 26. Qb3 ({White should try} 26. Qa2 $14) 26... d5 $11 {The position is equal.} 27. Rb1 Ba8 {[%cal Rd5e4]} 28. exd5 Qxd5 29. Qxd5 Bxd5 30. Rb6 Rc6 31. Rb4 Rxc3 32. dxe5 f6 33. Bd2 Rc2 34. Rd4 Bc6 35. Rd6 fxe5 ({Much weaker is} 35... Rxe5 $6 36. Rd8+ Kf7 37. Rxh8 $16) 36. Ne4 Rf8 37. f3 Bxe4 38. Rxe4 Bf6 39. Bb4 Bg5 40. Rxa6 Re8 41. Bd6 Bxh6 42. Bxe5 Bg7 {A rather calm draw.  Weighted Error Value: White=0.07/Black=0.07} 1/2-1/2

[Event "GEO-ch 1st League 2021"]
[Site "Tbilisi"]
[Date "2021.04.04"]
[Round "7.3"]
[White "Morchiashvili, Bachana"]
[Black "Mindiashvili, Tengiz"]
[Result "1/2-1/2"]
[WhiteElo "2313"]
[BlackElo "1923"]
[Annotator "RC"]
[PlyCount "98"]
[EventDate "2021.03.29"]
[EventType "swiss"]
[EventCountry "GEO"]
[SourceTitle "playchess.com"]
[Source "ChessBase"]
[SourceQuality "1"]
[TimeControl "5400+30"]

1. d4 {[%emt 0:00:00]} g6 {[%emt 0:00:00]} 2. c4 {[%emt 0:00:00]} Bg7 {[%emt 0:00:00]} 3. e4 {[%emt 0:00:08]} Nc6 {[%emt 0:00:22]} 4. Nf3 {[%emt 0:03:47]} d6 {[%emt 0:00:26]} 5. d5 {[%emt 0:00:16]} Ne5 {[%emt 0:01:12]} 6. Nxe5 {[%emt 0:00:15]} dxe5 {[%emt 0:00:17]} 7. Nc3 {[%emt 0:00:36]} Nf6 {[%emt 0:00:22]} 8. Be2 {[%emt 0:00:19]} O-O {[%emt 0:00:18]} 9. O-O {[%emt 0:02:24]} Ne8 {[%emt 0:02:00]} 10. Be3 {[%emt 0:08:19]} f5 {[%emt 0:00:21]} 11. f3 {[%emt 0:13:12]} f4 {[%emt 0:03:28]} 12. Bf2 {[%emt 0:00:24]} Nf6 {[%emt 0:00:40]} 13. b4 {[%emt 0:04:11]} g5 {[%emt 0:00:54]} 14. c5 {[%emt 0:01:16]} h5 {[%emt 0:01:32]} 15. h3 {[%emt 0:00:20]} a5 {[%emt 0:02:00]} 16. b5 {[%emt 0:00:29]} Qe8 {[%emt 0:00:34]} 17. d6 {[%emt 0:05:34]} cxd6 {[%emt 0:00:56]} 18. cxd6 {[%emt 0:00:13]} Be6 {[%emt 0:00:31]} 19. Nd5 {[%emt 0:10:22]} Bxd5 {[%emt 0:10:08]} 20. dxe7 {[%emt 0:00:05]} Qxe7 {[%emt 0:00:18]} 21. exd5 {[%emt 0:00:03]} Kh8 {[%emt 0:06:33]} 22. Rc1 {[%emt 0:05:30]} Rfc8 {[%emt 0:01:18]} 23. Qd3 {[%emt 0:05:01]} e4 {[%emt 0:01:11]} 24. fxe4 {[%emt 0:00:23]} Qxe4 {[%emt 0:01:12]} 25. Qxe4 {[%emt 0:00:47]} Nxe4 {[%emt 0:00:01]} 26. Bxh5 {[%emt 0:00:47]} Nxf2 {[%emt 0:00:32]} 27. Kxf2 {[%emt 0:00:08]} Bd4+ {[%emt 0:01:06]} 28. Kf3 {[%emt 0:00:34]} Kg7 {[%emt 0:00:20]} 29. Rxc8 {[%emt 0:09:07]} Rxc8 {[%emt 0:00:03]} 30. Rd1 {[%emt 0:00:06]} Bb6 {[%emt 0:04:23]} 31. Kg4 {[%emt 0:03:06]} Kf6 {[%emt 0:00:54]} 32. h4 {[%emt 0:04:05]} gxh4 {[%emt 0:01:38]} 33. Kxf4 {[%emt 0:00:19]} Rc4+ {[%emt 0:00:14]} 34. Kf3 {[%emt 0:00:43]} Rd4 {[%emt 0:00:09]} 35. Rf1 {[%emt 0:06:51]} Kg5 {[%emt 0:01:43]} 36. Bf7 {[%emt 0:00:29]} Rf4+ {[%emt 0:00:08]} 37. Ke2 {[%emt 0:00:03]} Rxf1 {[%emt 0:00:19]} 38. Kxf1 {[%emt 0:00:01]} Kf6 {[%emt 0:00:17]} 39. Be6 {[%emt 0:00:24]} Bc7 {[%emt 0:00:18]} 40. b6 {[%emt 0:03:19]} Bxb6 {[%emt 0:00:14]} 41. Bc8 {[%emt 0:00:02]} Ke5 {[%emt 0:00:18]} 42. Bxb7 {[%emt 0:00:03]} Kd6 {[%emt 0:00:23]} 43. Ke2 {[%emt 0:00:02]} Bd4 {[%emt 0:00:20]} 44. Kd3 {[%emt 0:00:04]} Bg1 {[%emt 0:00:09]} 45. Kc4 {[%emt 0:00:06]} Bf2 {[%emt 0:00:07]} 46. Bc8 {[%emt 0:00:46]} Bg3 {[%emt 0:00:26]} 47. Bg4 {[%emt 0:00:07]} Bf2 {[%emt 0:00:05]} 48. Kb5 {[%emt 0:00:06]} Be1 {[%emt 0:00:08]} 49. Bf3 {[%emt 0:00:03]} Bd2 {[%emt 0:00:07]} 1/2-1/2

[Event "GEO-ch 1st League 2021"]
[Site "Tbilisi"]
[Date "2021.04.04"]
[Round "7.4"]
[White "Arabidze, Meri"]
[Black "Nigalidze, Gaioz"]
[Result "1/2-1/2"]
[WhiteElo "2437"]
[BlackElo "2480"]
[Annotator "TA"]
[PlyCount "152"]
[EventDate "2021.03.29"]
[EventType "swiss"]
[EventCountry "GEO"]
[SourceTitle "playchess.com"]
[Source "ChessBase"]
[SourceQuality "1"]

{[%evp 9,152,3,51,46,35,25,33,31,51,28,31,3,6,0,2,0,0,0,0,0,0,-4,0,-27,-27,-27,-22,-18,-17,-39,-34,-77,-60,-78,-25,-24,-22,-12,-12,-8,-11,-26,-26,-27,-27,-31,-23,-29,-28,-24,-17,-41,-56,-53,-58,-56,-54,-72,-72,-72,-18,-10,0,0,0,-57,-25,-85,-85,-85,-85,-85,-64,-72,-68,-71,-38,-39,-40,-93,-85,-98,-87,-101,-101,-101,-101,-101,-101,-101,-101,-101,-101,-101,-101,-101,-101,-101,-101,-101,-101,-101,-101,-101,-101,-101,-101,-101,-101,-101,-8,-8,-8,-29,0,0,0,0,0,0,0,0,0,0,0,0,0,0,0,0,0,0,0,0,0,0,0,0,5,0,0,0,0,0,0]} 1. d4 Nf6 2. Nf3 g6 3. g3 Bg7 4. Bg2 O-O 5. O-O b5 6. c3 {A49: 1 d4 Nf6 2 Nf3 g6 3 g3: Anti-King's Indian systems.} Bb7 7. a4 bxa4 8. Qxa4 {White is slightly better.} d6 {[#]} 9. Qb3 $146 ({Predecessor:} 9. Nbd2 Nbd7 10. Nb3 Nb6 11. Qb5 a6 12. Qd3 Be4 13. Qd1 Nc4 14. Nfd2 Nxd2 15. Qxd2 Bxg2 16. Kxg2 {0-1 (41) Pijuan Herranz,M (2315)-Pablo Marin,A (2455) Spain 1999}) 9... Qc8 10. Nbd2 Nbd7 11. Re1 c5 12. e4 cxd4 13. Nxd4 Nc5 14. Qc2 a5 15. N2b3 Nxb3 16. Qxb3 {[#] aiming for e5.} Nd7 17. Bh3 e6 18. Bg2 Nc5 19. Qd1 a4 20. Bg5 Qd7 21. Nc2 h6 (21... f5 $17 {[%cal Rf5e4]} 22. f3 fxe4 23. fxe4 Rf7) 22. Bf4 Rfd8 23. Ra3 g5 24. Bc1 d5 {[%cal Rd5e4]} 25. exd5 Bxd5 26. Bxd5 Qxd5 27. Qxd5 Rxd5 28. Nb4 Rd7 29. Be3 Nb3 30. Kf1 Bf8 31. Ra2 Bxb4 32. cxb4 Rd5 33. Bc5 Kg7 34. Re3 {[#] Black must now prevent Rxb3!} Rd1+ (34... Nxc5 $17 35. bxc5 Rxc5) 35. Kg2 $11 Rdd8 (35... Nxc5 {looks sharper.} 36. bxc5 Rc1 37. b3 a3 38. b4 Rb8) 36. Rc3 Kf6 37. b5 (37. Be3 $11) 37... Rdb8 38. b6 (38. Be3 $11 {keeps the balance.}) 38... Nxc5 $17 39. Rxc5 Rxb6 {[%mdl 4096] Endgame KRR-KRR} 40. Rc4 Rba6 41. Rb4 h5 42. Ra3 g4 43. h3 Kg5 44. hxg4 (44. Rb5+ $15 f5 45. h4+ Kf6 46. Rb4) 44... hxg4 45. Kf1 Ra5 46. b3 axb3 47. Rxa5+ Rxa5 48. Rxb3 {KR-KR} f5 49. Rb8 Kf6 50. Ke2 Ra2+ 51. Ke3 Ra4 52. Ke2 Re4+ 53. Kf1 Rd4 54. Ke2 Ke5 55. Rb6 Kd5 56. Ra6 Rc4 57. Ra3 e5 58. Rd3+ Rd4 {Threatens to win with ...Rxd3.} 59. Ra3 f4 (59... Rb4 $17 60. Kd3 Rc4 61. Ra5+ Rc5) 60. gxf4 $11 exf4 61. Ra8 f3+ 62. Ke3 {White wants to mate with Rd8+.The position is equal.} Re4+ (62... Rb4 {with more complications.} 63. Rd8+ Ke5 64. Re8+ Kd6 65. Rf8 Rb3+) 63. Kd3 {Intending Ra5+ and mate.} Rb4 64. Ke3 Ke5 {And now ...Rb3+ would win.} 65. Re8+ Kf5 66. Rf8+ Kg6 67. Rg8+ Kf7 68. Ra8 Rb1 69. Kf4 Rg1 70. Ra7+ Kg6 71. Ra5 Rg2 72. Rg5+ Kf6 73. Rxg4 Rxf2 74. Rg3 Rf1 75. Rxf3 Rxf3+ 76. Kxf3 Ke5 {Weighted Error Value: White=0.10/Black=0.09} 1/2-1/2

[Event "GEO-ch 1st League 2021"]
[Site "Tbilisi"]
[Date "2021.04.04"]
[Round "7.5"]
[White "Akhvlediani, Irakli"]
[Black "Bagaturov, Giorgi"]
[Result "1/2-1/2"]
[WhiteElo "2355"]
[BlackElo "2431"]
[Annotator "TA"]
[PlyCount "68"]
[EventDate "2021.03.29"]
[EventType "swiss"]
[EventCountry "GEO"]
[SourceTitle "playchess.com"]
[Source "ChessBase"]
[SourceQuality "1"]

{[%evp 15,68,18,24,8,22,22,18,21,20,19,36,32,33,37,37,40,51,30,30,26,37,37,39,0,0,0,0,0,0,0,38,0,0,-2,0,0,8,8,8,8,13,0,0,0,0,0,0,0,0,0,0,0,0,0,0]} 1. d4 Nf6 2. c4 c6 3. Nc3 d5 4. cxd5 cxd5 5. Bf4 a6 6. e3 Nc6 7. Bd3 Bg4 8. Nge2 e6 9. Qb3 {D10: Slav Defence: 3 cxd5 (without early Nf3) and 3 Nc3.} Nb4 10. Bb1 Bxe2 11. Nxe2 {[#]} Be7 $146 ({Predecessor:} 11... Ra7) 12. O-O O-O 13. Rc1 Rc8 14. a3 Rxc1+ 15. Nxc1 Qc8 16. Qd1 (16. Bxh7+ {keeps more tension.} Kxh7 17. axb4 Nh5 18. Nd3 Qc4 19. Qc3) 16... Nc6 17. b4 Na7 18. Bd3 Nb5 19. Bxb5 axb5 20. Bg5 Qd7 21. Bxf6 Bxf6 22. Nd3 Rc8 23. Rc1 (23. a4 {is interesting.} Qe8 24. Nc5 b6 25. Nd3 bxa4 26. Qxa4 b5 27. Qa6) 23... Rc4 {The position is equal.} 24. Nb2 Rxc1 25. Qxc1 e5 26. dxe5 Bxe5 27. Nd3 Bd6 28. Qc2 g6 29. Ne1 Be5 30. Nf3 Bf6 31. h3 Qc6 32. Qxc6 bxc6 33. Kf1 Kf8 34. Nd4 Bxd4 {Weighted Error Value: White=0.05/Black=0.05} 1/2-1/2

[Event "GEO-ch 1st League 2021"]
[Site "Tbilisi"]
[Date "2021.04.04"]
[Round "7.6"]
[White "Tutisani, Noe"]
[Black "Chkhaidze, Nikoloz"]
[Result "1-0"]
[WhiteElo "2427"]
[BlackElo "2307"]
[Annotator "TA"]
[PlyCount "69"]
[EventDate "2021.03.29"]
[EventType "swiss"]
[EventCountry "GEO"]
[SourceTitle "playchess.com"]
[Source "ChessBase"]
[SourceQuality "1"]

{[%evp 9,69,21,22,4,-1,-13,0,0,0,0,0,0,159,145,139,148,152,152,149,157,161,152,170,170,165,158,160,146,163,168,308,312,315,316,308,309,312,319,318,266,218,219,283,270,280,270,248,285,273,287,282,274,277,273,266,256,263,247,627,625,601,586]} 1. Nf3 d5 2. c4 c6 3. g3 Nf6 4. Bg2 dxc4 5. O-O Nbd7 6. b3 {A11: English Opening: 1...c6.} cxb3 7. Qxb3 e5 {[#]} 8. Ng5 $146 {[%csl Gg5][%cal Rb3f7] [#]The position is equal.} ({Predecessor:} 8. d3 Bd6 9. Nbd2 Nb6 10. Bb2 Qc7 11. e4 Be6 12. Qc3 Na4 13. Qc2 Nxb2 14. Qxb2 {0-1 (26) Gonzalez,M (1673)-Jenneborg,S (1719) LSS email 2010}) 8... Nd5 $1 9. d4 exd4 10. e4 $40 {[%mdl 128] Black needs to defend precisely.} Nc5 $2 11. Qc4 $16 b5 12. Qxd4 Qf6 {[#]} 13. Qd2 Nb6 14. e5 $1 {[%cal Re5f6]} Qg6 15. e6 {[%cal Re6f7]} ({Weaker is} 15. Rd1 Bd7 $15) 15... fxe6 16. Bxc6+ {[%mdl 64] Double Attack} Bd7 17. Bxa8 Nxa8 18. Qf4 {Hoping for Qb8+.} Nb6 19. Be3 {Black must now prevent Qb8+.} Qf6 (19... Be7 {was worth a try.}) 20. Qb8+ $18 Nc8 {Threatens to win with ...Bd6.} 21. Nd2 Bd6 22. Qa8 O-O 23. Nde4 Nxe4 24. Nxe4 Qf3 {And now ...Ne7 would win.} 25. Qb7 Be8 26. Rac1 Bg6 27. Nxd6 Nxd6 28. Qxf3 Rxf3 29. Rc6 Nc4 30. Rxe6 a5 31. Rd1 Rf6 32. Re7 h6 33. h4 Bf7 $2 (33... Rf7 34. Rd8+ Rf8) 34. Rd8+ Kh7 35. Rf8 {White took control after the opening.  Weighted Error Value: White=0.02/Black=0.31} 1-0

[Event "GEO-ch 1st League 2021"]
[Site "Tbilisi"]
[Date "2021.04.04"]
[Round "7.7"]
[White "Tsereteli, Tornike"]
[Black "Esadze, Tamari"]
[Result "0-1"]
[WhiteElo "1765"]
[BlackElo "1889"]
[Annotator "NA RC"]
[PlyCount "74"]
[EventDate "2021.03.29"]
[EventType "swiss"]
[EventCountry "GEO"]
[SourceTitle "playchess.com"]
[Source "ChessBase"]
[SourceQuality "1"]
[TimeControl "5400+30"]

1. e4 {[%emt 0:03:38]} c5 {[%emt 0:00:00]} 2. c3 {[%emt 0:00:11]} Nf6 {[%emt 0:00:00]} 3. e5 {[%emt 0:00:03]} Nd5 {[%emt 0:00:00]} 4. d4 {[%emt 0:00:02]} cxd4 {[%emt 0:00:00]} 5. Nf3 {[%emt 0:00:01]} Nc6 {[%emt 0:00:00]} 6. Bc4 {[%emt 0:00:03]} Nb6 {[%emt 0:01:06]} 7. Bb3 {[%emt 0:00:01]} d6 {[%emt 0:00:46]} 8. exd6 {[%emt 0:00:05]} Qxd6 {[%emt 0:00:18]} 9. O-O {[%emt 0:00:05]} e6 {[%emt 0:03:59]} 10. cxd4 {[%emt 0:01:10]} Be7 {[%emt 0:00:12]} 11. Nc3 {[%emt 0:00:07]} a6 {[%emt 0:05:36]} 12. Be3 {[%emt 0:04:00]} O-O {[%emt 0:01:30]} 13. Ne4 {[%emt 0:00:33]} Qd8 {[%emt 0:01:12]} 14. Ne5 {[%emt 0:01:14]} Nd5 {[%emt 0:06:04]} 15. Nxc6 {[%emt 0:01:59]} bxc6 {[%emt 0:00:01]} 16. Rc1 {[%emt 0:00:32]} f5 {[%emt 0:06:35]} 17. Nc5 {[%emt 0:04:22]} f4 {[%emt 0:06:52]} 18. Bd2 {[%emt 0:00:03]} f3 {[%emt 0:00:24]} 19. Re1 {[%emt 0:03:47]} Bd6 {[%emt 0:15:08]} 20. Re4 {[%emt 0:06:39]} fxg2 {[%emt 0:05:06]} 21. Kxg2 {[%emt 0:04:21]} Qf6 {[%emt 0:05:08]} 22. Qe2 {[%emt 0:01:40]} Bf4 {[%emt 0:04:14]} 23. Rg1 {[%emt 0:15:57]} Qh6 {[%emt 0:12:59]} 24. Nxe6 {[%emt 0:13:24]} Bxe6 {[%emt 0:01:10]} 25. Rxe6 {[%emt 0:00:15]} Qxh2+ {[%emt 0:00:15]} 26. Kf1 {[%emt 0:00:07]} Bxd2 {[%emt 0:03:31]} 27. Rxc6 {[%emt 0:00:47]} Qh3+ {[%emt 0:04:21]} 28. Rg2 {[%emt 0:00:21]} Kh8 {[%emt 0:01:22]} 29. Bxd5 {[%emt 0:07:33]} Qh1+ {[%emt 0:00:04]} 30. Rg1 {[%emt 0:00:07]} Qxd5 {[%emt 0:00:03]} 31. Rc7 {[%emt 0:00:11]} Bh6 {[%emt 0:01:00]} 32. Rg4 {[%emt 0:03:26]} Rae8 {[%emt 0:01:44]} 33. Re7 {[%emt 0:00:51]} Rxe7 {[%emt 0:02:04]} 34. Qxe7 {[%emt 0:00:08]} Qf3 {[%emt 0:00:07]} 35. Qe2 {[%emt 0:00:38]} Qh3+ {[%emt 0:01:01]} 36. Kg1 {[%emt 0:00:06]} Rc8 {[%emt 0:00:49]} 37. f3 {[%emt 0:00:02]} Bf4 {[%emt 0:04:07]} 0-1

[Event "GEO-ch 1st League 2021"]
[Site "Tbilisi"]
[Date "2021.04.04"]
[Round "7.8"]
[White "Khelaia, Giorgi"]
[Black "Volkov, Nika"]
[Result "0-1"]
[WhiteElo "2079"]
[BlackElo "2084"]
[Annotator "TA"]
[PlyCount "102"]
[EventDate "2021.03.29"]
[EventType "swiss"]
[EventCountry "GEO"]
[SourceTitle "playchess.com"]
[Source "ChessBase"]
[SourceQuality "1"]

{[%evp 21,102,12,10,0,21,0,95,98,98,95,81,79,87,81,88,88,88,64,110,103,109,109,247,259,336,275,362,346,339,306,293,286,288,-41,-44,-38,-48,-42,-46,-42,-28,-35,-35,-100,-105,-92,-47,-49,-39,-93,-60,-114,-114,-137,-154,-262,-266,-252,-245,-244,-230,-387,-383,-483,-470,-481,-494,-482,-485,-808,-783,-775,-767,-29973,-29975,-29976,-29977,-29977,-29978,-29980,-29977,-29977,-29976]} 1. c4 e5 2. Nc3 Nf6 3. g3 d5 4. cxd5 Nxd5 5. Bg2 Nb6 6. Nf3 Nc6 7. O-O Be7 8. d3 O-O 9. a3 a5 10. Be3 Be6 11. Rc1 f5 12. Nb5 {A29: English Opening: Four Knights Variation with 4 g3.} Nd5 13. Bc5 {[#]} h6 $146 {[#]} (13... f4 $11 {keeps the balance.}) ({Predecessor:} 13... a4 14. Bxe7 Qxe7 15. Qc2 Ra5 16. Qc5 Qf6 17. Ng5 Qxg5 18. Bxd5 Bxd5 19. Qxd5+ Kh8 {½-½ (39) Sidhant,M (2341)-Karthik,V (2525) Ahmedabad 2018}) 14. e4 $1 $16 {[%cal Re4d5] White is better.} Nf6 15. Bxe7 Qxe7 {[#]} 16. Nh4 $1 fxe4 17. Ng6 {[%mdl 64] Double Attack} Qf7 {aiming for ...Bb3.} 18. Nxf8 Rxf8 19. Qe2 $36 {[%mdl 2048] White fights for an advantage.} exd3 20. Qxd3 e4 21. Qe2 ({Much weaker is} 21. Bxe4 $6 Nxe4 22. Qxe4 Bh3 $11) 21... Ne5 (21... Bg4 $16 {was necessary.} 22. f3 exf3 23. Bxf3 Re8) 22. Rxc7 $18 Qg6 23. Nd4 ({Worse is} 23. Rxb7 Bc4 $17) 23... Bg4 24. Qc2 Rd8 25. Qb3+ Kh8 26. Ne6 Rd3 27. Rc8+ $2 (27. Qb5 $18 Nf3+ 28. Bxf3 Bxe6 29. Bg2) 27... Ng8 $15 28. Nf4 {[%csl Gc8][%cal Rb3g8]} Rxb3 29. Nxg6+ Nxg6 30. Rc3 {[%cal Rc3b3]} Rxb2 {...Nf6 is the strong threat.} 31. Bxe4 Ne5 32. f4 (32. f3 $15 Bh3 33. Rf2) 32... Nc6 $17 33. Rb1 Rxb1+ (33... Re2 {feels hotter.} 34. Bg2 Nd4 35. Rxb7 Rd2 36. Re3 Nf6) 34. Bxb1 Nf6 35. Kg2 (35. Rb3 $15) 35... Kg8 36. h3 (36. Rc5 $1 $15) 36... Be6 37. g4 Nd5 38. Rf3 (38. Rc5 $17) 38... Nd4 $19 39. Rf2 Nc3 40. Bd3 b5 {[%cal Bb7b5,Bb5c4][%mdl 32]} 41. f5 $2 (41. Rd2 {only move.}) 41... Bd5+ 42. Kg3 Bc4 43. Bxc4+ bxc4 44. Kf4 Kf7 45. h4 (45. Rh2 $142 Nce2+ 46. Ke3) 45... Nce2+ 46. Ke3 Kf6 47. Rxe2 Nxe2 {Black mates.} 48. Kxe2 h5 {[%mdl 64] Deflection} 49. gxh5 Kxf5 50. Kd2 Ke5 51. Ke3 a4 {Never resign too early!  Weighted Error Value: White=0.58/Black=0.20} 0-1

[Event "GEO-ch 1st League 2021"]
[Site "Tbilisi"]
[Date "2021.04.04"]
[Round "7.9"]
[White "kiladze, Luka"]
[Black "Khodashneli, Shota"]
[Result "1/2-1/2"]
[WhiteElo "1786"]
[BlackElo "1976"]
[Annotator "TA"]
[PlyCount "89"]
[EventDate "2021.03.29"]
[EventType "swiss"]
[EventCountry "GEO"]
[SourceTitle "playchess.com"]
[Source "ChessBase"]
[SourceQuality "1"]

{[%evp 20,89,22,16,6,3,35,36,64,58,75,75,73,80,73,69,73,103,112,50,102,99,105,105,103,95,173,177,182,109,105,90,89,17,63,67,93,91,90,0,46,0,0,0,0,0,2,0,0,0,0,0,0,0,0,0,0,0,0,0,0,0,0,0,0,0,0,0,0,0,0,0]} 1. d4 d6 2. Nc3 g6 3. e4 Bg7 4. Nf3 Nf6 5. Bc4 O-O 6. O-O Bg4 7. h3 Bxf3 8. Qxf3 Nc6 9. Be3 e5 10. dxe5 Nxe5 11. Qe2 Nxc4 {B08: Pirc Defence: Classical System.} 12. Qxc4 Nd7 13. Rad1 Ne5 {[#] White is slightly better.} 14. Qb3 $146 ({Predecessor:} 14. Qd5 Qe7 15. Qxb7 Rab8 16. Qxa7 Rxb2 17. Nd5 Qh4 18. Qxc7 Qxe4 19. Qxd6 Nc4 20. Nf6+ Bxf6 21. Qxf6 Nxe3 22. fxe3 Qxc2 {0-1 (29) Christen,P (1521)-Pinto,R (2207) Sao Paulo 2016}) 14... b6 15. Bd4 c5 16. Be3 Nc6 17. Nb5 Qe7 18. Qd5 Nb4 {[%mdl 64] [#] Double Attack} 19. Qc4 (19. Qxd6 $6 Qxd6 20. Rxd6 (20. Nxd6 Bxb2 21. c4 Be5 $15) 20... Nxc2 $11) (19. Qd2 $1 $16) 19... Rad8 (19... Rfd8 $14) 20. c3 $16 a6 {[#]} 21. Nxd6 {[%mdl 512]} Rxd6 (21... Nc6 22. Bf4) 22. cxb4 Re6 (22... Rxd1 $16 {might work better.} 23. Rxd1 cxb4) 23. bxc5 $18 ({Resist} 23. Qxa6 $6 cxb4 24. f3 (24. Bxb6 $2 Rb8 $19) 24... Bxb2 $16) 23... Rxe4 24. Qxa6 (24. Qd3 $18) 24... bxc5 $16 25. Qb5 Bd4 26. Bd2 ({Better is} 26. Bxd4 $16 cxd4 27. a4) 26... Qe5 27. Rde1 Rd8 {Strongly threatening ...Rxe1.} 28. Rxe4 Qxe4 29. Ba5 (29. b3 $16) 29... Ra8 30. a4 Bxb2 $1 {The position is equal.} 31. Bb6 Bd4 32. a5 c4 33. Bxd4 Qxd4 $11 {[%mdl 4096] Endgame KQR-KQR} 34. a6 c3 35. Qc6 Ra7 36. Rc1 Kg7 37. Rxc3 {And now Ra3 would win.} Rxa6 38. Qxa6 Qxc3 {KQ-KQ} 39. Qe2 h5 40. h4 Qc1+ 41. Kh2 Qf4+ 42. g3 Qf6 43. Kg2 Qc3 44. Qe4 Qb2 45. Qd5 {Weighted Error Value: White=0.13/Black=0.12} 1/2-1/2

[Event "GEO-ch 1st League 2021"]
[Site "Tbilisi"]
[Date "2021.04.04"]
[Round "7.10"]
[White "Lomaia, Diana"]
[Black "Shapovalovi, Vasiko"]
[Result "1/2-1/2"]
[WhiteElo "1946"]
[BlackElo "1741"]
[Annotator "TA"]
[PlyCount "87"]
[EventDate "2021.03.29"]
[EventType "swiss"]
[EventCountry "GEO"]
[SourceTitle "playchess.com"]
[Source "ChessBase"]
[SourceQuality "1"]

{[%evp 9,87,44,50,36,75,44,93,63,81,18,26,22,32,7,0,-3,0,0,3,0,7,8,22,37,23,20,30,30,36,29,32,23,26,26,30,30,32,9,15,0,0,0,0,0,0,0,0,0,0,0,6,6,14,0,0,0,0,-4,-8,-12,-8,-14,-6,-7,-6,-6,6,6,6,0,6,6,6,6,6,6,6,0,0,0]} 1. d4 d6 2. Nf3 g6 3. c4 Bg7 4. Nc3 Bg4 5. g3 Nd7 6. Bg2 {A41: 1 d4 d6: Tartakower System and Modern Defence.} Bxf3 7. exf3 e5 8. O-O {White is better.} Ne7 {[#]} 9. d5 $146 ({White should try} 9. dxe5 $16 Nxe5 10. Qb3) ({Predecessor:} 9. f4 exd4 10. Nb5 Rb8 11. Re1 O-O 12. Nxc7 Qxc7 13. Rxe7 Bf6 14. Re2 Qxc4 15. Rd2 {1-0 (37) Sucikova,S (2110)-Steil Antoni,F (2156) England 2019}) 9... Nf5 10. Rb1 O-O 11. b4 a5 12. a3 axb4 13. axb4 Re8 14. Bb2 Nb6 15. Qd3 Na4 16. Nxa4 Rxa4 17. Qb3 Ra8 18. Ra1 Nd4 19. Qd3 Qf6 20. Rfd1 Qf5 21. Qxf5 gxf5 22. Bxd4 exd4 23. Bh3 f4 {The position is equal.} 24. Kf1 fxg3 25. hxg3 Rxa1 26. Rxa1 $11 {[%mdl 4096] Endgame KRB-KRB} d3 27. Rd1 Bc3 {[#] White must now prevent ...d2.} 28. Rxd3 Bxb4 29. Rb3 Bc5 30. Rxb7 Bb6 31. Bf5 Ra8 32. Kg2 Ra2 33. Kh3 Rxf2 34. Kg4 Rd2 35. Rb8+ Kg7 36. Re8 Rd4+ (36... Ba5 {is interesting.} 37. Bd7 Rd4+ 38. Kf5 Rd3 39. Kg4 h5+) 37. Re4 Rxe4+ (37... Rd3 {is more complex.} 38. Re7 Rc3 39. Be6 h5+ 40. Kxh5 Rxf3 41. Kg4 Rf1) 38. Bxe4 {KB-KB} h6 39. Kf5 Bf2 40. g4 Be3 41. Bc2 Bd4 42. f4 Bc5 43. g5 hxg5 44. fxg5 {Weighted Error Value: White=0.09/Black=0.06} 1/2-1/2